000 02859cam a22006014i 4500
003 PE-LiUPU
005 20250731173035.0
008 141026s2014 oru rb 001 0 eng d
020 _a1620329204
020 _a9781620329207
035 _a(Sirsi) i9781620329207
035 _a(OCoLC)893898885
040 _aBTCTA
_bspa
_cBTCTA
_dYDXCP
_dOCLCO
_dCNTCS
_dJES
_dOCLCF
_dDLC
_dDGU
_dNZABT
_dOCLCQ
_dPE-LiUPU
_erda
049 _aPRUA
050 4 _aBX4931.3
_b.R45 2014
082 0 4 _a284.3
_bR36
_223
100 1 _aReimer, A. James,
_eautor.
245 1 0 _aToward an Anabaptist political theology :
_blaw, order, and civil society /
_cA. James Reimer ; edited by Paul G. Doerksen; P. Travis Kroeker.
264 1 _aEugene, Oregon :
_bCascade Books,
_c2014.
300 _axx, 194 páginas ;
_c23 centímetros
336 _atext
_2rdacontent
337 _aunmediated
_2rdamedia
338 _avolume
_2rdacarrie
490 0 _aTheopolitical visions ;
_v17
504 _aBibliografía: páginas 187-192.
504 _aÍndice : páginas 193-194.
505 0 _aAn Anabaptist-Mennonite political theology: theological presuppositions -- "I came not to abolish the law but to fulfill it": a positive theology of law and civil institutions -- Trinitarian foundations for law and public order -- Constantine: from religious pluralism to Christian hegemony -- Revelation, law, and individual conscience -- Law, freedom of conscience, and civil responsibility: Marpeck, Mennonites, and contemporary social ethics -- An Anabaptist-Mennonite political theology, part II: historical manifestations and observations -- Public orthodoxy and civic forbearance: the challenges of modern law for religious minority groups -- Anabaptist-Mennonite political theology: conceptualizing universal ethics in post-Christendom.
526 _aSEG42
526 _aSEG41
526 _aSEG40
526 _aSEG39
526 _aP94
526 _aP87
526 _aP86
526 _aP85
526 _aP77
526 _aP76
526 _aP35
650 0 _aAnabaptists.
650 0 _aAnabautistas.
650 0 _aPolitical theology.
650 0 _aTeología política.
700 1 _aDoerksen, Paul G.,
_d1960- ,
_eeditor.
910 _adbm
_bebj
_cebj
_d20171211
938 _aBaker and Taylor
_bBTCP
_nBK0015907531
938 _aYBP Library Services
_bYANK
_n12134276
942 _2ddc
_cBOOK
949 _a284.3 R36
_wDEWEY
_c1
_i77231
_lCATALOGING
_mBUL
_p15.60
_r0
_sY
_tBOOK
_u2017-12-11
_xPOSGRADO
_PP85
_0DONACION
_o.STAFF. Colección Teología.
994 _aC0
_bPEPRU
596 _a1
999 _a284.3 R36
_wDEWEY
_c26074
_i77231
_d26074
_e2018-9-27
_f2021-11-11
_g6
_lCCODEBUL1
_mBUL
_n1
_p15.60
_r0
_sY
_tBOOK
_u2017-12-11
_xTEOLOGIA
_PP85
_0DONACION
_o.STAFF. Coleccio¿¿n Teolog©Ưa.
980 _81
_gALBERTO SANCHEZ Responsable de Automatización